• 首页
  • 本馆介绍
  • 公告通知
  • 最新文献
  • 馆藏检索
  • 电子资源
  • 读者导购
  • 参考咨询
  • 我的图书馆
  • 登录
  • 详细信息显示
  • 放入我的书架
  • 预约/预借图书
  • 作者相关作品
  • 分类相关作品
  • 丛书相关作品
  • 出版社相关作品

书目信息

  • 表格格式
  • 工作单格式
  • 卡片格式
题名:
绩效考核与薪酬激励
    
 
作者: 刘加福 , 张国山 著
分册:  
出版信息: 北京   中国纺织出版社有限公司  2023
页数: 210页
开本: 21cm
丛书名:
单 册:
中图分类: F272.5 , F272.923
科图分类:
主题词: 企业绩效--研究 , 企业管理--工资管理--研究
电子资源:
ISBN: 978-7-5180-8904-8
000 01129nam0 2200277 450
001 012024000929
005 20241119081502.0
010    @a978-7-5180-8904-8@dCNY98.00
100    @a20241119d2023 em y0chiy50 ea
101 0  @achi
102    @aCN@b110000
105    @ay z 000yy
106    @ar
200 1  @a绩效考核与薪酬激励@Aji xiao kao he yu xin chou ji li@dPerformance appraisal and salary incentive@f刘加福, 张国山著@zeng
210    @a北京@c中国纺织出版社有限公司@d2023
215    @a210页@d21cm
330    @a本书汇编了绩效考核和薪酬激励的有效管理工具,不仅阐述了绩效考核与薪酬激励的关系,而且对绩效考核方法、薪酬的差距与依据、“知识工人”与OKR管理、非薪酬激励系统、工资制度、绩效激励、股权激励、员工福利、个性化薪酬激励系统建设进行了讲述。
510 1  @aPerformance appraisal and salary incentive@zeng
606 0  @a企业绩效@x研究
606 0  @a企业管理@x工资管理@x研究
690    @aF272.5@v5
690    @aF272.923@v5
701  0 @a刘加福@Aliu jia fu@4著
701  0 @a张国山@Azhang guo shan@4著
801  0 @aCN@bAHXH@c20241119
905    @b214173400@b214173419@b214173428@b214173437@b214173446@dF272.5@e2358@f5
    
    绩效考核与薪酬激励=Performance appraisal and salary incentive/刘加福, 张国山著.-北京:中国纺织出版社有限公司,2023
    210页;21cm
    
    
    ISBN 978-7-5180-8904-8:CNY98.00
    本书汇编了绩效考核和薪酬激励的有效管理工具,不仅阐述了绩效考核与薪酬激励的关系,而且对绩效考核方法、薪酬的差距与依据、“知识工人”与OKR管理、非薪酬激励系统、工资制度、绩效激励、股权激励、员工福利、个性化薪酬激励系统建设进行了讲述。
●
相关链接 在E读中查询图书 在五车中查询图书 在当当中查询图书 在豆瓣中查询图书


正题名:绩效考核与薪酬激励     索取号:F272.5/2358         预约/预借

序号 登录号 条形码 馆藏地/架位号 状态 备注
1 1417340   214173400   第一样本阅览室/ [索取号:F272.5/2358] 在馆    
2 1417341   214173419   第一借阅区/ [索取号:F272.5/2358] 在馆    
3 1417342   214173428   第一借阅区/ [索取号:F272.5/2358] 在馆    
4 1417343   214173437   第一借阅区/ [索取号:F272.5/2358] 在馆    
5 1417344   214173446   第一借阅区/ [索取号:F272.5/2358] 在馆    
唐山师范学院图书馆 欢迎您!
大连网信软件有限公司© 版权所有